Real Madrid CF Current Squad - Statistics

General Stats
  • This quiz has been taken 28 times
    5 since last reset
  • The average score is 23 of 25
Answer Stats
# Position Nation Answer % Correct
13 GK Ukraine Andriy Lunin
100%
22 DF Germany Antonio Rüdiger
100%
15 MF Turkey Arda Güler
100%
14 MF France Aurélien Tchouaméni
100%
21 MF Morocco Brahim Díaz
100%
2 DF Spain Dani Carvajal
100%
4 DF Austria David Alaba
100%
3 DF Brazil Éder Militão
100%
6 MF France Eduardo Camavinga
100%
8 MF Uruguay Federico Valverde
100%
23 DF France Ferland Mendy
100%
5 MF England Jude Bellingham
100%
10 FW France Kylian Mbappé
100%
11 FW Brazil Rodrygo Goes
100%
1 GK Belgium Thibaut Courtois
100%
7 FW Brazil Vinícius Júnior
100%
- Manager Spain Xabi Alonso
100%
24 DF Spain Dean Huijsen
80%
20 DF Spain Fran García
80%
16 FW Spain Gonzalo García
80%
17 DF Spain Raúl Asencio
80%
12 DF England Trent Alexander-Arnold
80%
18 DF Spain Álvaro Carreras
60%
19 MF Spain Dani Ceballos
60%
30 MF Argentina Franco Mastantuono
60%
No matching quizzes found
Score Distribution
Percent of People with Each Score
Percentile by Number Answered
Your Score History
You have not taken this quiz since the last reset